Fr. Conceicao Rodrigues College of Engineering

Taub's Principles of communication systems (Record no. 20474)

MARC details
000 -LEADER
fixed length control field 00386nam a2200169Ia 4500
082 ## - DEWEY DECIMAL CLASSIFICATION NUMBER
Classification number 621.3804
Item number TAU
100 ## - MAIN ENTRY--PERSONAL NAME
Personal name Taub/Herbert/ Schilling/Donald
250 ## - EDITION STATEMENT
Edition statement 3
245 ## - TITLE STATEMENT
Title Taub's Principles of communication systems
260 ## - PUBLICATION, DISTRIBUTION, ETC.
Name of publisher, distributor, etc. McGraw Hill
Date of publication, distribution, etc. 2008
366 ## - TRADE AVAILABILITY INFORMATION
Publishers's discount category 25
300 ## - PHYSICAL DESCRIPTION
Extent 842
546 ## - LANGUAGE NOTE
Language note ENGLISH
-- PAMPHALETS
650 ## - SUBJECT ADDED ENTRY--TOPICAL TERM
Topical term or geographic name entry element Communication
942 ## - ADDED ENTRY ELEMENTS (KOHA)
Koha item type BOOK
Holdings
Withdrawn status Lost status Damaged status Not for loan Collection Home library Current library Date acquired Source of acquisition Cost, normal purchase price Inventory number Total Checkouts Total Renewals Full call number Barcode Date last seen Date last checked out Cost, replacement price Price effective from Koha item type
        CRC Fr. Agnel's C.Rodrigues College of Engineering Fr. Agnel's C.Rodrigues College of Engineering 17/03/2023 Book Base 386.25 12317 dt22/06/2013 1 1 621.3804 TAU 22770 22/08/2024 01/08/2024 515.00   BOOK
        CRC Fr. Agnel's C.Rodrigues College of Engineering Fr. Agnel's C.Rodrigues College of Engineering 17/03/2023 Book Base 386.25 12317 dt22/06/2013     621.3804 TAU 22771 17/03/2023   515.00   BOOK
        CRC Fr. Agnel's C.Rodrigues College of Engineering Fr. Agnel's C.Rodrigues College of Engineering 17/03/2023 Book Base 386.25 12317 dt22/06/2013 1   621.3804 TAU 22772 01/08/2024 31/07/2024 515.00   BOOK
        CRC Fr. Agnel's C.Rodrigues College of Engineering Fr. Agnel's C.Rodrigues College of Engineering 17/03/2023 Book Base 386.25 12317 dt22/06/2013     621.3804 TAU 22773 17/03/2023   515.00   BOOK
        CRC Fr. Agnel's C.Rodrigues College of Engineering Fr. Agnel's C.Rodrigues College of Engineering 17/03/2023 Book Base 386.25 12317 dt22/06/2013     621.3804 TAU 22774 17/03/2023   515.00   BOOK